Eastern Utah Libraries Catalog: Duchesne, Heber, Roosevelt, & Vernal

Inside GPS / (Record no. 319166)

MARC details
000 -LEADER
fixed length control field 02493cam a2200601Ii 4500
001 - CONTROL NUMBER
control field on1088411314
003 - CONTROL NUMBER IDENTIFIER
control field OCoLC
005 - DATE AND TIME OF LATEST TRANSACTION
control field 20200320220441.0
008 - FIXED-LENGTH DATA ELEMENTS--GENERAL INFORMATION
fixed length control field 190225s2019 mnua j b 001 0 eng d
010 ## - LIBRARY OF CONGRESS CONTROL NUMBER
LC control number 2018949773
015 ## - NATIONAL BIBLIOGRAPHY NUMBER
National bibliography number GBB8K2977
Source bnb
016 7# - NATIONAL BIBLIOGRAPHIC AGENCY CONTROL NUMBER
Record control number 019115915
Source Uk
019 ## -
-- 1079204058
020 ## - INTERNATIONAL STANDARD BOOK NUMBER
International Standard Book Number 9781532117923
Qualifying information (library binding)
020 ## - INTERNATIONAL STANDARD BOOK NUMBER
International Standard Book Number 1532117922
Qualifying information (library binding)
020 ## - INTERNATIONAL STANDARD BOOK NUMBER
International Standard Book Number 9781641856171
Qualifying information (pbk.)
020 ## - INTERNATIONAL STANDARD BOOK NUMBER
International Standard Book Number 1641856173
029 1# - (OCLC)
OCLC library identifier UKMGB
System control number 019115915
035 ## - SYSTEM CONTROL NUMBER
System control number (OCoLC)1088411314
Canceled/invalid control number (OCoLC)1079204058
040 ## - CATALOGING SOURCE
Original cataloging agency IMmBT
Language of cataloging eng
Transcribing agency FMG
Description conventions rda
Modifying agency ZGR
-- UKMGB
-- BDX
-- OCLCF
-- ZSZ
-- WACOL
049 ## - LOCAL HOLDINGS (OCLC)
Holding library WACL
050 14 - LIBRARY OF CONGRESS CALL NUMBER
Classification number G109.5
Item number .L34 2019
082 04 - DEWEY DECIMAL CLASSIFICATION NUMBER
Classification number 910.285
Edition number 23
092 ## - LOCALLY ASSIGNED DEWEY CALL NUMBER (OCLC)
Classification number 526.6
Item number LaP
100 1# - MAIN ENTRY--PERSONAL NAME
Personal name LaPierre, Yvette,
Dates associated with a name 1963-
Relator term author.
9 (RLIN) 6001966
245 10 - TITLE STATEMENT
Title Inside GPS /
Statement of responsibility, etc by Yvette LaPierre.
264 #1 - Production, Publication, Distribution, Manufacture, and Copyright Notice.
Place of production, publication, distribution, manufacture Minneapolis, Minnesota :
Name of producer, publisher, distributor, manufacturer Core Library, an imprint of Abdo Publishing,
Date of production, publication, distribution, manufacture, or copyr [2019]
264 #4 - Production, Publication, Distribution, Manufacture, and Copyright Notice.
Date of production, publication, distribution, manufacture, or copyr ©2019
300 ## - PHYSICAL DESCRIPTION
Extent 48 pages :
Other physical details color illustrations ;
Dimensions 24 cm.
336 ## - Content Type
Content type term text
336 ## - Content Type
Content type term still image
337 ## - Media type
Media type term unmediated
338 ## - Carrier type
Carrier type term volume
490 1# - SERIES STATEMENT
Series statement Inside technology
504 ## - BIBLIOGRAPHY, ETC. NOTE
Bibliography, etc Includes bibliographical references (page 47) and index.
505 0# - FORMATTED CONTENTS NOTE
Formatted contents note Worldwide navigation -- Satellites in the sky -- Stations on Earth -- Receivers in hand -- The future of GPS -- Fast facts -- Stop and think.
520 ## - SUMMARY, ETC.
Summary, etc Introduces GPS technology, describing how the worldwide navigation system was invented, how satellites and ground stations work together, and how the technology is used by the military and civilians.
521 ## - TARGET AUDIENCE NOTE
Target audience note Junior Nonfiction
Source Apple Books
650 #0 - SUBJECT ADDED ENTRY--TOPICAL TERM
Topical term or geographic name as entry element Global Positioning System
Form subdivision Juvenile literature.
9 (RLIN) 5696210
650 #0 - SUBJECT ADDED ENTRY--TOPICAL TERM
Topical term or geographic name as entry element Technological innovations
Form subdivision Juvenile literature.
9 (RLIN) 5736288
650 #0 - SUBJECT ADDED ENTRY--TOPICAL TERM
Topical term or geographic name as entry element Satellites
Form subdivision Juvenile literature.
9 (RLIN) 5769518
650 #1 - SUBJECT ADDED ENTRY--TOPICAL TERM
Topical term or geographic name as entry element Global Positioning System.
9 (RLIN) 94588
650 #1 - SUBJECT ADDED ENTRY--TOPICAL TERM
Topical term or geographic name as entry element Technological innovations.
9 (RLIN) 6001969
650 #1 - SUBJECT ADDED ENTRY--TOPICAL TERM
Topical term or geographic name as entry element Satellites.
9 (RLIN) 90998
650 #7 - SUBJECT ADDED ENTRY--TOPICAL TERM
Topical term or geographic name as entry element Global Positioning System.
Source of heading or term fast
-- (OCoLC)fst00943460
9 (RLIN) 94588
655 #7 - INDEX TERM--GENRE/FORM
Genre/form data or focus term Juvenile works.
Source of term fast
-- (OCoLC)fst01411637
9 (RLIN) 5673941
830 #0 - SERIES ADDED ENTRY--UNIFORM TITLE
Uniform title Inside technology (Core Library (Firm))
9 (RLIN) 5795634
938 ## -
-- Brodart
-- BROD
-- 123272610
942 ## - ADDED ENTRY ELEMENTS (KOHA)
Koha item type BOOK
948 ## - LOCAL PROCESSING INFORMATION (OCLC); SERIES PART DESIGNATOR (RLIN)
Series part designator, SPT (RLIN) 04/10/2019
z (OCLC) Sirsi
994 ## -
-- C0
-- WACOL
996 ## -
-- 165221
-- 34301001631771
-- JNF
-- bk
-- wcl
-- i
-- 0
-- 22.95
-- Rainbow Books
-- 526.6 LaP
-- 04/10/2019
-- 04/11/2019
Holdings
Withdrawn status Lost status Source of classification or shelving scheme Damaged status Not for loan Collection code Home library Current library Shelving location Date acquired Source of acquisition Cost, normal purchase price Total Checkouts Total Renewals Full call number Barcode Date last seen Date checked out Cost, replacement price Price effective from Koha item type
    Dewey Decimal Classification     Junior NonFiction Wasatch County Library Wasatch County Library Second Floor 04/10/2019   22.95 2 1 J 526.6 LaP 34301001631771 12/26/2025 09/25/2024 22.95 03/20/2020 BOOK
This project was made possible through a grant from the Institute of Museum and Library Service administered by the Utah State Library Division.

Wasatch County Library

  • 465 East 1200 South, Heber City, Utah 84032
  • Phone 435-654-1511 | Fax 435-654-6456

Hours

  • Monday - Friday 9:30 AM - 8:00 PM
  • Saturday 9:30 AM - 1:30 PM
  • Closed Sundays and Holidays